| 000 -ლიდერი |
| ფიქსირებული სიგრძის საკონტროლო ველი |
01617nam a2200265Ia 4500 |
| 001 - საკონტროლო ნომერი |
| საკონტროლო ველი |
20419 |
| 003 - საკონტროლო ნომრის იდენტიფიკატორი |
| საკონტროლო ველი |
GE_BSU |
| 005 - ბოლო ოპერაციის თარიღი და დრო |
| საკონტროლო ველი |
20201123230634.0 |
| 008 - ფიქსირებული სიგრძის მონაცემთა ელემენტები - ზოგადი ინფორმაცია |
| ფიქსირებული სიგრძის საკონტროლო ველი |
181216s2015||||ge |||||||||||||| ||geo|| |
| 040 ## - კატალოგიზაციის წყარო |
| Transcribing agency |
GE_BSU |
| 041 ## - ენის კოდი |
| Language code of text/sound track or separate title |
geo |
| 080 ## - უნივერსალური ათობითი კლასიფიკაციის ინდექსი |
| Universal Decimal Classification number |
615.89(479.22) კ-33 |
| 100 ## - მთავარი ჩანაწერი - პიროვნების სახელი |
| Personal name |
კაშია , რუსუდან |
| 9 (RLIN) |
9742 |
| 245 ## - ცნობა სათაურის შესახებ |
| Title |
ქართული ხალხური მედიცინის საკითხები : იმერეთის (ხონის) ეთნოგრაფიული მასალის მიხედვით / |
| Statement of responsibility, etc |
რუსუდან კაშია ; რედ. ეკა დადიანი. |
| 264 ## - წარმოების, გამოცემის, დისტრიბუციის და სხვა ცნობები |
| გამოცემის, წარმოების, დისტრიბუციის... ადგილი |
ქუთაისი : |
| გამოცემის, წარმოების, დისტრიბუციის... სახელწოდება |
აკაკი წერეთლის სახელმწ. უნ-ტის გამ-ბა, |
| გამოცემის, წარმოების, დისტრიბუციის... თარიღი |
2015. |
| 300 ## - ფიზიკური აღწერა |
| Extent |
165 გვ. ; |
| Dimensions |
20 სმ. |
| 300 ## - ფიზიკური აღწერა |
| Accompanying material |
ბიბლიოგრაფია: გვ.159-162. |
| 504 ## - BIBLIOGRAPHY, ETC. NOTE |
| Bibliography, etc |
ბიბლიოგრ. : გვ.159-162 |
| 520 ## - SUMMARY, ETC. |
| Summary, etc |
რეზიუმე ინგლისურ ენაზე. |
| 653 ## - INDEX TERM--UNCONTROLLED |
| Uncontrolled term |
ქართული ხალხური მედიცინა |
| 653 ## - INDEX TERM--UNCONTROLLED |
| Uncontrolled term |
ქართველების ეთნოგრაფია |
| 700 ## - ADDED ENTRY--PERSONAL NAME |
| Personal name |
დადიანი, ეკა |
| Relator term |
რედაქტორი |
| 9 (RLIN) |
9743 |
| 710 ## - ADDED ENTRY--CORPORATE NAME |
| Corporate name or jurisdiction name as entry element |
აკაკი წერეთლის სახელმწიფო უნივერსიტეტი |
| Subordinate unit |
ქართველური დიალექტოლოგიის სამეცნიერო-კვლევთი მიმართულება |
| 9 (RLIN) |
9744 |
| 942 ## - ADDED ENTRY ELEMENTS (KOHA) |
| Koha item type |
წიგნი |
| Source of classification or shelving scheme |
|